[Event "Slow Chess"]
[Site "SchemingMind.com"]
[Date "2012.02.26"]
[Round "-"]
[White "clario"]
[Black "bereolos"]
[Result "1-0"]
[WhiteCountry "RSA"]
[BlackCountry "USA"]
[WhiteElo "2093"]
[WhiteRD "72"]
[BlackElo "2241"]
[BlackRD "101"]
[GameID "304181"]

1. d4 Nf6 2. c4 g6 3. Nc3 Bg7 4. e4 d6 5. Nf3 O-O 6. Be2 e5 7. O-O Na6 8. Be3 Ng4 9. Bg5 Qe8 10. dxe5 dxe5
11. Qc2 c6 12. h3 h6 13. Bd2 Nf6 14. Rad1 Qe7 15. Be3 Nh5 16. Qc1 Kh7 17. c5 Nc7 18. Rfe1 Qf6 19. Rd6 Ne6 20. Bf1 Re8
21. Nh2 Qe7 22. Red1 Nef4 23. Nf3 Ne6 24. b4 Rd8 25. Qd2 Rg8 26. Kh1 Nc7 27. Bc4 Be6 28. Bxe6 Nxe6 29. Rd7 Qf6 30. Rxb7 Nhf4
31. Qc2 Rgd8 32. h4 Nd4 33. Bxd4 exd4 34. e5 Qe6 35. Ne4
1-0

[Event "Slow Chess"]
[Site "SchemingMind.com"]
[Date "2012.02.26"]
[Round "-"]
[White "Majoanis"]
[Black "bereolos"]
[Result "0-1"]
[WhiteCountry "CAN"]
[BlackCountry "USA"]
[WhiteElo "1777"]
[WhiteRD "54"]
[BlackElo "2230"]
[BlackRD "95"]
[GameID "304182"]

1. d4 Nf6 2. Nf3 g6 3. c4 Bg7 4. g3 c5 5. Bg2 cxd4 6. Nxd4 O-O 7. O-O d5 8. cxd5 Nxd5 9. Nc3 Nxc3 10. bxc3 Qa5
11. Qd3 Rd8 12. Qc4 Nd7 13. Rd1 Nb6
0-1

[Event "Slow Chess"]
[Site "SchemingMind.com"]
[Date "2012.02.28"]
[Round "-"]
[White "emvarela"]
[Black "bereolos"]
[Result "0-1"]
[WhiteCountry "ARG"]
[BlackCountry "USA"]
[WhiteElo "1743"]
[WhiteRD "46"]
[BlackElo "2277"]
[BlackRD "95"]
[GameID "304183"]

1. e4 e5 2. Nf3 Nc6 3. Bb5 a6 4. Bxc6 dxc6 5. O-O f6 6. d4 exd4 7. Nxd4 c5 8. Nb3 Qxd1 9. Rxd1 Bg4 10. f3 Be6
11. Nc3 Bd6 12. Be3 b6 13. Nd5 Bxd5 14. exd5 Ne7 15. c4 Kf7 16. Nd2 Be5 17. Rab1 Nf5 18. Nf1 Nxe3 19. Nxe3 Bd4 20. Rd3 Rhe8
21. Kf2 Rxe3 22. Rxe3 Re8 23. Re1 g5 24. g3 f5 25. f4 g4 26. b3 Re4 27. h3 gxh3
0-1

[Event "Slow Chess"]
[Site "SchemingMind.com"]
[Date "2012.02.25"]
[Round "-"]
[White "Scooter"]
[Black "bereolos"]
[Result "0-1"]
[WhiteCountry "USA"]
[BlackCountry "USA"]
[WhiteElo "1767"]
[WhiteRD "49"]
[BlackElo "2277"]
[BlackRD "95"]
[GameID "304184"]

1. d4 Nf6 2. Nf3 g6 3. Bf4 Bg7 4. h3 O-O 5. e3 d6 6. Nbd2 c5 7. c3 Nc6 8. Be2 Qb6 9. Qb3 Be6 10. Bc4 Bxc4
11. Nxc4 Qxb3 12. axb3 Nd5 13. Bg3 cxd4 14. exd4 Bh6 15. O-O a5 16. Rfe1 Rfb8 17. Nfd2 f5 18. Ne3 Nc7 19. Ndc4 b5 20. Nd2 e5
21. dxe5 dxe5 22. Nef1 Re8 23. Nf3 Bg7 24. Rad1 f4 25. Rd7 Ne6 26. Bh2 b4 27. c4 Nc5 28. Rc7 Rac8 29. Rxc8 Rxc8 30. N1d2 Nd3
31. Rb1 h6 32. Ne4 Rd8 33. g4 Kf7 34. Ne1 Nxe1 35. Rxe1 Rd3 36. Nc5 Rd2 37. Na4 Bf8 38. Kf1 g5 39. Re2 Rxe2 40. Kxe2 Nd4+
0-1

[Event "Slow Chess"]
[Site "SchemingMind.com"]
[Date "2012.03.01"]
[Round "-"]
[White "Olli Ylönen"]
[Black "bereolos"]
[Result "0-1"]
[WhiteCountry "FIN"]
[BlackCountry "USA"]
[WhiteElo "1845"]
[WhiteRD "53"]
[BlackElo "2285"]
[BlackRD "98"]
[GameID "304185"]

1. e4 e5 2. Nf3 Nc6 3. d4 exd4 4. Nxd4 Nf6 5. Nxc6 bxc6 6. e5 Qe7 7. Qe2 Nd5 8. c4 Nb6 9. Nc3 Qe6 10. Qe4 g6
11. f4 d5 12. Qc2 dxc4 13. Ne4 Be7 14. Be2 O-O 15. O-O Rd8 16. Bd2 Qd5 17. g4 Bb7 18. Bc3 c5 19. Bf3 Qd3 20. Qg2 Nd5
21. Nf2 Qe3 22. Rae1 Qxf4 23. Re4 Qh6 24. Rxc4 Ne3 25. Qh3 Qxh3 26. Nxh3 Bxf3
0-1

[Event "Slow Chess"]
[Site "SchemingMind.com"]
[Date "2012.02.26"]
[Round "-"]
[White "SittingBull"]
[Black "bereolos"]
[Result "0-1"]
[WhiteCountry "CAN"]
[BlackCountry "USA"]
[WhiteElo "1775"]
[WhiteRD "82"]
[BlackElo "2277"]
[BlackRD "95"]
[GameID "304186"]

1. e4 e5 2. Nf3 Nc6 3. Bb5 a6 4. Ba4 Nf6 5. Qe2 b5 6. Bb3 Be7 7. O-O O-O 8. c3 d6 9. d3 Na5 10. Bc2 c5
11. h3 Nd7 12. a4 Nb6 13. axb5 axb5 14. Be3 Bb7 15. Nbd2 Nc6 16. d4 exd4 17. cxd4 Nb4 18. Rac1 Nxc2 19. Rxc2 Nd7 20. Rfc1 c4
21. b3 cxb3 22. Nxb3 Bxe4
0-1

[Event "Slow Chess"]
[Site "SchemingMind.com"]
[Date "2012.02.26"]
[Round "-"]
[White "Coretismo"]
[Black "bereolos"]
[Result "0-1"]
[WhiteCountry "ENG"]
[BlackCountry "USA"]
[WhiteElo "2012"]
[WhiteRD "84"]
[BlackElo "2307"]
[BlackRD "103"]
[GameID "304187"]

1. Nf3 Nf6 2. c4 g6 3. Nc3 Bg7 4. e4 d6 5. d4 O-O 6. Be2 e5 7. dxe5 dxe5 8. Qxd8 Rxd8 9. Bg5 Re8 10. Nd5 Nxd5
11. cxd5 c6 12. Bc4 cxd5 13. Bxd5 Nd7 14. Nd2 Nc5 15. Ke2 Be6 16. Rac1 Rac8 17. Nc4 Nxe4 18. Bxe6 Rxe6 19. Be3 Rec6 20. Na5 Rxc1
21. Rxc1 Rxc1 22. Bxc1 Nd6 23. b3 b6 24. Nc6 Nc8 25. Bb2 f6 26. Kd3 Kf7 27. Kc4 Ke6 28. f3 Kd6 29. Nb4 a5 30. Nd3 Kc6
31. a4 Nd6+ 32. Kc3 Kd5 33. b4 Nc4 34. bxa5 bxa5 35. Ne1 Nxb2 36. Kxb2 Kc4 37. Nc2 Bh6 38. g3 Bd2
0-1